| 000 | 00525nam a2200169 i 4500 | ||
|---|---|---|---|
| 001 | 69273 | ||
| 003 | ES-MaACL | ||
| 005 | 20230906170500.0 | ||
| 007 | t| | ||
| 008 | 040702s1948 sp ||||1| spa d | ||
| 100 | 1 |
_aGarcía Ardura, Manuel. _954178 |
|
| 245 | 1 | 0 |
_aEjercicios y problemas de aritmética _b: originales en su mayor parte / _cpor Manuel García Ardura. |
| 250 | _a11ª ed. aum. | ||
| 260 |
_aMadrid : _b[s.n., _c1948] ( _fTip. Artística) |
||
| 300 |
_a366 p. ; _c21 cm. |
||
| 852 |
_aES-MaACL _jA-3079 _bR.24359 |
||
| 999 |
_c69273 _d69273 |
||